| 000 | 02332nam a2200433 i 4500 | ||
|---|---|---|---|
| 001 | ebr10818390 | ||
| 003 | CaPaEBR | ||
| 006 | m o d | ||
| 007 | cr cn||||||||| | ||
| 008 | 131226s2012 enkabfo ob 001 0 eng d | ||
| 020 | _z9781908258007 | ||
| 020 | _a9781908258557 (e-book) | ||
| 040 |
_aCaPaEBR _beng _erda _epn _cCaPaEBR |
||
| 035 | _a(OCoLC)874812854 | ||
| 043 |
_ae-uk-en _ae-uk-wl |
||
| 050 | 1 | 4 |
_aDA714 _b.L363 2012eb |
| 082 | 0 | 4 |
_a942.9 _223 |
| 245 | 0 | 0 |
_aLandscape history discoveries in the North West : _bproceedings of a conference sponsored by English heritage to celebrate the 25th anniversary of the Chester Society for landscape history, September 2011 / _cedited by Sharon M. Varey and Graeme J. White ; with an introduction by Dai Morgan Evans. |
| 264 | 1 |
_aChester, [England] : _bUniversity of Chester Press, _c2012. |
|
| 264 | 4 | _c�2012 | |
| 300 |
_a1 online resource (294 pages, color plates) : _billustrations (some color), maps (some color), photographs |
||
| 336 |
_atext _2rdacontent |
||
| 337 |
_acomputer _2rdamedia |
||
| 338 |
_aonline resource _2rdacarrier |
||
| 504 | _aIncludes bibliographical references at the end of each chapters and indexes. | ||
| 588 | _aDescription based on online resource; title from PDF title page (ebrary, viewed December 26, 2013). | ||
| 590 | _aElectronic reproduction. Palo Alto, Calif. : ebrary, 2014. Available via World Wide Web. Access may be limited to ebrary affiliated libraries. | ||
| 650 | 0 |
_aLandscape archaeology _zEngland, North West _vCongresses. |
|
| 650 | 0 |
_aLandscape archaeology _zWales _vCongresses. |
|
| 651 | 0 |
_aEngland, North West _xHistory _vCongresses. |
|
| 651 | 0 |
_aWales _xHistory _vCongresses. |
|
| 655 | 0 | _aElectronic books. | |
| 700 | 1 | _aVarey, Sharon M. | |
| 700 | 1 |
_aWhite, G. J. _q(Graeme J.) |
|
| 700 | 1 | _aEvans, Dai Morgan. | |
| 776 | 0 | 8 |
_iPrint version: _tLandscape history discoveries in the North West : proceedings of a conference sponsored by English heritage to celebrate the 25th anniversary of the Chester Society for landscape history, September 2011. _dChester, [England] : University of Chester Press, c2012 _hxvii, 272 pages _z9781908258007 |
| 797 | 2 | _aebrary. | |
| 856 | 4 | 0 |
_uhttp://site.ebrary.com/lib/rucke/Doc?id=10818390 _zAn electronic book accessible through the World Wide Web; click to view |
| 999 |
_c78462 _d78462 |
||